Kate's great mistake (Record no. 76464)

MARC details
000 -LEADER
fixed length control field 01369cab a2200229 4500
001 - CONTROL NUMBER
control field ##L132470
008 - FIXED-LENGTH DATA ELEMENTS--GENERAL INFORMATION
fixed length control field 060213n2006 000 0 eng u
035 ## - SYSTEM CONTROL NUMBER
System control number (Sirsi) u132470
041 0# - LANGUAGE CODE
Language code of text/sound track or separate title eng
100 1# - MAIN ENTRY--PERSONAL NAME
Personal name Vickers, Tony
245 00 - TITLE STATEMENT
Title Kate's great mistake
260 ## - PUBLICATION, DISTRIBUTION, ETC.
Date of publication, distribution, etc. 2006
490 #0 - SERIES STATEMENT
Series statement Regeneration and Renewal
Volume/sequential designation 20 January 2006, 23(1)
520 ## - SUMMARY, ETC.
Summary, etc. Criticises Kate Barker's endorsement of Planning Gain Supplement (PGS) as a means of boosting housing supply and advocates the introduction of a land-value tax which would encourage efficient use of land in accordance with development plans. Claims Barker rejected land-value tax failing to recognise how it works elsewhere and failing to take on board advances in GIS and GIS policy. Outlines the authors' land-value tax research at Kingston University. The introduction of a land-value tax regime would have a considerable positive effect on land supply for housing whereas the proposed PGS has created uncertainty among developers and will certainly stem the flow of land onto the market.
590 ## - LOCAL NOTE (RLIN)
Local note IKA140206
650 24 - SUBJECT ADDED ENTRY--TOPICAL TERM
Topical term or geographic name entry element PLANNING GAIN SUPPLEMENT
650 24 - SUBJECT ADDED ENTRY--TOPICAL TERM
Topical term or geographic name entry element LAND VALUE TAXATION
650 24 - SUBJECT ADDED ENTRY--TOPICAL TERM
Topical term or geographic name entry element BARKER REVIEW OF HOUSING SUPPLY: SECURING OUR FUTURE HOUSING NEEDS
690 ## - LOCAL SUBJECT ADDED ENTRY--TOPICAL TERM (OCLC, RLIN)
Topical term or geographic name as entry element ENVIRONMENTAL AND LAND CONSULTANCY-PLANNING AND DEVELOPMENT-PLANNING REFORM
700 1# - ADDED ENTRY--PERSONAL NAME
Personal name Morad, Munir
942 ## - ADDED ENTRY ELEMENTS (KOHA)
Suppress in OPAC 0
Holdings
Withdrawn status Lost status Source of classification or shelving scheme Damaged status Not for loan Home library Current library Shelving location Date acquired Total Checkouts Full call number Barcode Date last seen Copy number Price effective from Koha item type
    Dewey Decimal Classification     London London Journal article 13/02/2006   L132470 132470-1001 06/08/2019 1 06/08/2019 Journal article